000 00777nam a2200229Ia 4500
003 GCL
008 140319s9999 xx 000 0 ara d
040 _aGCL /
_cGCL
082 0 4 _a273.8
_bن ف
100 1 _aنهاد خياطة
245 1 0 _aالفرق والمذاهب المسيحية منذ البدابات حنى ظهور الاسلام /
_cنهاد خياطة
250 _aالاولى
260 _aسوريا :
_bالاوائل للنشر والتوزيع ،
_c2002
300 _a175 ص ؛
_c24 سم
650 0 4 _aالانجيل
650 0 4 _aالمسيحية واليهودية
650 0 4 _aالمسيحية - مذهب
650 0 4 _aالثالوث المقدس
650 0 4 _aالمسيحية
650 0 4 _aالمسيحية - فرق
942 _2ddc
_cBK
999 _c56715
_d56715